| 000 | 00525cam a22002171 4500 | ||
|---|---|---|---|
| 001 | sa 68001639 | ||
| 003 | DLC | ||
| 005 | 20260227112435.0 | ||
| 008 | 950203s1967 ii 000 0 malo | ||
| 010 | _asa 68001639 | ||
| 025 | _aPL480:I-Mal-1172 | ||
| 035 | _a(OCoLC)31933010 | ||
| 040 |
_aDLC _cCU _dCU _dDLC |
||
| 042 | _apremarc | ||
| 050 | 0 | 0 |
_aPL4718.9.K344 _bA8 |
| 100 | 1 | _aKarthikeyan, Alleppey. | |
| 245 | 1 | 0 | _aAjñāta manassukaḷ. |
| 260 | _c[1967] | ||
| 300 |
_a144 p. _c18 cm. |
||
| 500 | _aIn Malayalam. | ||
| 999 |
_c78109 _d78109 |
||